000 00552nam a2200157 a 4500
008 120416s1956 ||||||||||||||||| || u
050 _aJC 29.A32 Sch
100 _aSchapera, I
245 1 0 _aGovernment and politics in tribal societies
260 _aLondon
_bC.A. Watts
_c1956
300 _aviii, 238p.
350 _a0.00
650 _aPOLITICS
650 _aGOVERNMENT--POLITICAL ASPECTS
995 _D0.00
_FCBU-MAIN LIBRARY (Kitwe)
_H1
_I250.00
_M1
_UAVAILABLE
_ZAnnex Low-Usage Collection
999 _c44837
_d44837